000
00294nam a22001337a 4500
008
170221b xxu||||| |||| 00| 0 eng d
020
_a
9781574391916
041
_a
eng
080
_2
49TH
_a
615
100
_a
5
101
_a
SHF
245
_a
AMERICAN DRUG INDEX
_c
BILLUPS, N.F
942
_2
udc
_c
BK
999
_c
5924
_d
5924